[Event "Brasileiro de Jovens 2012 - Absoluto"]
[Site "Sao Paulo"]
[Date "2012.02.21"]
[Round "6.10"]
[White "Saito, Vinicius"]
[Black "Gotz, Klaus Seiji Furucho"]
[Result "1-0"]
[WhiteElo "2042"]
[BlackElo "1929"]
[PlyCount "201"]
[EventDate "2012.02.18"]

1. d4 Nf6 2. Bg5 Ne4 3. Bf4 d5 4. f3 Nf6 5. e3 Bf5 6. Bd3 e6 7. Bxf5 exf5 8.
Qd3 Qd7 9. Ne2 Be7 10. O-O O-O 11. Nd2 Re8 12. c4 Na6 13. c5 Nh5 14. Rae1 Nxf4
15. Nxf4 c6 16. a3 Bg5 17. Nh3 Bh6 18. Rf2 Re7 19. Rfe2 Rae8 20. b4 g6 21. Nb3
Nc7 22. Nf2 a6 23. Nd1 Ne6 24. Nc3 Bg7 25. g3 h5 26. Kg2 Nc7 27. a4 Ra8 28. Kf2
Rae8 29. Rb1 Bh6 30. Rbe1 Bg7 31. Kg2 Kf8 32. Nd2 Bh6 33. Nf1 Bg7 34. Rb1 Ra8
35. Ra2 Ree8 36. Kf2 Bh6 37. Rba1 Red8 38. Nd2 Re8 39. f4 Reb8 40. b5 axb5 41.
axb5 Rxa2 42. Rxa2 Qc8 43. b6 Ne6 44. Qb1 Nd8 45. Ra7 Ke8 46. Nf3 Bg7 47. Qb4
Bf6 48. Qa4 Kf8 49. Qc2 Qe6 50. Ne2 Kg7 51. Nd2 Kf8 52. Qa2 Qc8 53. h3 Kg7 54.
Nc3 Kf8 55. Nd1 Kg7 56. Nf3 Kf8 57. Ke2 Kg7 58. Nf2 Kf8 59. Qa1 Kg7 60. Qg1 Ne6
61. g4 hxg4 62. hxg4 fxg4 63. Nxg4 Nf8 64. Qg2 Qf5 65. Qh3 Nh7 66. Nf2 Qxh3 67.
Nxh3 Nf8 68. Nf2 Ne6 69. Nd3 Nd8 70. Nb4 Kf8 71. Kd3 Ne6 72. Na2 Kg7 73. Nc1
Kf8 74. Nb3 Nd8 75. e4 dxe4+ 76. Kxe4 Bg7 77. f5 gxf5+ 78. Kxf5 Ke8 79. Na5 Kf8
80. Ke4 Ke8 81. d5 cxd5+ 82. Kxd5 Bc3 83. Nd4 Bxa5 84. Rxa5 Ke7 85. Nf5+ Kf6
86. Nd6 Kg5 87. Ra1 Kg6 88. Re1 Ne6 89. Rg1+ Ng5 90. Nxf7 Kxf7 91. Rxg5 Rd8+
92. Kc4 Rd1 93. Kc3 Rc1+ 94. Kb2 Rc4 95. Kb3 Rc1 96. Rh5 Ke8 97. Kb4 Rb1+ 98.
Kc4 Rc1+ 99. Kd5 Rd1+ 100. Ke6 Re1+ 101. Kd6 1-0

[Event "Brasileiro de Jovens 2012 - Absoluto"]
[Site "Sao Paulo"]
[Date "2012.02.21"]
[Round "6.11"]
[White "Goncalves, Leonardo Yamamoto P"]
[Black "Sztokbant, Bernardo Vainzoff"]
[Result "0-1"]
[WhiteElo "1821"]
[BlackElo "2016"]
[PlyCount "60"]
[EventDate "2012.02.18"]

1. e4 e5 2. Nf3 Nc6 3. d3 Nf6 4. Nbd2 Bc5 5. Be2 O-O 6. O-O d5 7. c3 a5 8. a4
b6 9. Qc2 Ba6 10. Nb3 Be7 11. Bg5 h6 12. Bh4 Re8 13. Rfe1 Qd7 14. Bf1 g5 15.
Bg3 Bd6 16. Rad1 Rad8 17. Qd2 Bf8 18. Qc2 Bg7 19. Nc1 Nh7 20. Qb3 Nf6 21. Nxe5
Nxe5 22. Bxe5 Rxe5 23. d4 Bc4 24. Bxc4 dxc4 25. dxe5 cxb3 26. Rxd7 Nxd7 27. Rd1
Bxe5 28. Nxb3 Bf6 29. g3 Ne5 30. Rd4 Nf3+ 0-1

[Event "Brasileiro de Jovens 2012 - Absoluto"]
[Site "Sao Paulo"]
[Date "2012.02.21"]
[Round "6.12"]
[White "Santana, Eduardo Rigonatti"]
[Black "Da Silva Junior, Sediney Mari"]
[Result "1/2-1/2"]
[WhiteElo "1784"]
[BlackElo "1962"]
[PlyCount "165"]
[EventDate "2012.02.18"]

1. e4 e6 2. d4 d5 3. Nd2 c5 4. Ne2 Nc6 5. dxc5 Bxc5 6. Nb3 Bb6 7. exd5 exd5 8.
Ned4 Nf6 9. Be2 O-O 10. O-O Ne4 11. Be3 Qf6 12. Bf3 Ne5 13. Qe2 Bd7 14. Rfd1
Rfe8 15. Bxe4 dxe4 16. h3 Rad8 17. Nd2 Qg6 18. Kh1 Bxd4 19. Bxd4 Bxh3 20. Qxe4
Bxg2+ 21. Qxg2 Qh5+ 22. Qh2 Qxh2+ 23. Kxh2 Rxd4 24. Nb3 Re4 25. Nc5 Re2 26. Kg3
b6 27. Nd7 Nxd7 28. Rxd7 Rxc2 29. Rxa7 Rxb2 30. a4 g6 31. a5 bxa5 32. R1xa5
Ree2 33. f3 Rb6 34. Ra4 Rf6 35. f4 Rf5 36. Ra2 Re3+ 37. Kg2 h5 38. Rc2 Kg7 39.
Rf2 Rc5 40. Ra6 Rcc3 41. f5 Rg3+ 42. Kf1 Rgf3 43. f6+ Kh6 44. Ra7 Rxf2+ 45.
Kxf2 Rc6 46. Rxf7 Kg5 47. Kg3 Rxf6 48. Ra7 Rf5 49. Ra4 Rb5 50. Rc4 Rb3+ 51. Kg2
h4 52. Ra4 Kh5 53. Rc4 g5 54. Rc5 h3+ 55. Kh2 Kh4 56. Rc8 Rb2+ 57. Kg1 g4 58.
Rc4 Rg2+ 59. Kh1 Rf2 60. Kg1 Rf3 61. Kh2 Re3 62. Rb4 Re2+ 63. Kg1 Kg3 64. Rb3+
Kf4 65. Rb4+ Kf3 66. Rb3+ Re3 67. Rb1 g3 68. Rf1+ Ke2 69. Rf8 Re4 70. Rf7 Ke3
71. Rf8 Rf4 72. Re8+ Kf3 73. Rg8 h2+ 74. Kh1 Rg4 75. Rf8+ Rf4 76. Rg8 Rg4 77.
Rf8+ Ke3 78. Re8+ Kf4 79. Rf8+ Ke5 80. Kg2 Rh4 81. Rf1 h1=Q+ 82. Rxh1 Rxh1 83.
Kxh1 1/2-1/2

[Event "Brasileiro de Jovens 2012 - Absoluto"]
[Site "Sao Paulo"]
[Date "2012.02.21"]
[Round "6.14"]
[White "De Assis, Henrique Zerbini J"]
[Black "Araujo, Renan Aparecido"]
[Result "1-0"]
[WhiteElo "1735"]
[BlackElo "1918"]
[PlyCount "89"]
[EventDate "2012.02.18"]

1. e4 e6 2. d4 d5 3. Nc3 Bb4 4. e5 c5 5. a3 Bxc3+ 6. bxc3 Qc7 7. Bd2 Nc6 8. Nf3
Nge7 9. Be2 Bd7 10. O-O Rc8 11. Rb1 a6 12. Re1 cxd4 13. cxd4 b5 14. c3 Na5 15.
Rb4 Nec6 16. Rb2 Ne7 17. Ng5 h6 18. Nh3 Nc4 19. Bxc4 Qxc4 20. Qh5 Nf5 21. Nf4
g5 22. Ne2 Ke7 23. Ng3 Nxg3 24. hxg3 Rcg8 25. Qf3 Rg6 26. Qe3 h5 27. Qf3 g4 28.
Bg5+ Ke8 29. Qe3 Rxg5 30. Qxg5 Qxc3 31. Qd2 Qxd2 32. Rxd2 Ke7 33. Rc1 Rb8 34.
Rc7 a5 35. Ra7 a4 36. Rc2 Ke8 37. Rcc7 Rd8 38. Kf1 b4 39. axb4 Bb5+ 40. Ke1 Rd7
41. Rxd7 Bxd7 42. Kd2 Kd8 43. Kc3 Kc8 44. Kb2 Bb5 45. Ka3 1-0

[Event "Brasileiro de Jovens 2012 - Absoluto"]
[Site "Sao Paulo"]
[Date "2012.02.21"]
[Round "6.18"]
[White "Awoki, Daniel Teidi"]
[Black "Araujo, Leonardo Augusto De"]
[Result "0-1"]
[WhiteElo "1900"]
[BlackElo "1906"]
[PlyCount "138"]
[EventDate "2012.02.18"]

1. e4 e5 2. Nf3 Nf6 3. d4 Nxe4 4. Bd3 d5 5. Nxe5 Nd7 6. Nxd7 Bxd7 7. O-O Be7 8.
c4 c6 9. Qf3 Nf6 10. c5 O-O 11. Nc3 Ne8 12. Bf4 Nc7 13. Ne2 Ne6 14. Bg3 Kh8 15.
h4 Bf6 16. Rad1 h6 17. Bd6 Re8 18. Qh5 Kg8 19. g3 Nxd4 20. Nxd4 Bxd4 21. g4 Qf6
22. g5 g6 23. gxf6 gxh5 24. Be7 Be5 25. Kh1 Kh8 26. Rg1 Bg4 27. f4 Bf3+ 28. Kh2
Bxf4+ 29. Kh3 Bxd1 30. Rxd1 Rg8 31. Rf1 Rg3+ 32. Kh2 Rf3+ 33. Kg2 Rxf1 34. Kxf1
Bg3 35. Be2 Bxh4 36. Bxh5 Kg8 37. Ke2 a5 38. a4 Bg3 39. Kd3 Rb8 40. Kc2 Be5 41.
b3 b5 42. axb5 Rxb5 43. Be2 Rb4 44. Ba6 Rb8 45. Be2 Bf4 46. Bg4 Rb7 47. Bd8 Ra7
48. Be6 Bg5 49. Be7 h5 50. Bf5 Bh6 51. Kc3 a4 52. bxa4 Rxa4 53. Bd7 Ra6 54. Kd4
Bf4 55. Kd3 h4 56. Ke2 Kh7 57. Kf3 h3 58. Bxh3 Ra3+ 59. Kg4 Rxh3 60. Kxh3 Kg6
61. Kg4 Be5 62. Bd8 Bxf6 63. Bc7 Be7 64. Bb6 Kf6 65. Kf4 Ke6 66. Ba7 f5 67. Bb6
d4 68. Ba7 Kd5 69. Kxf5 d3 0-1

[Event "Brasileiro de Jovens 2012 - Absoluto"]
[Site "Sao Paulo"]
[Date "2012.02.21"]
[Round "6.19"]
[White "Takeda, Lucas Koji"]
[Black "Rodrigues, Fernanda Dos Santos"]
[Result "1/2-1/2"]
[WhiteElo "1862"]
[BlackElo "1902"]
[PlyCount "129"]
[EventDate "2012.02.18"]

1. d4 Nf6 2. Nf3 e6 3. c4 d5 4. Nc3 Nbd7 5. cxd5 exd5 6. Bg5 Be7 7. e3 c6 8.
Bd3 O-O 9. O-O Re8 10. Qc2 Ne4 11. Bxe4 Bxg5 12. Bxh7+ Kh8 13. Bd3 Bf6 14. b4
a6 15. a4 Nf8 16. Bf5 Bxf5 17. Qxf5 Qd6 18. Rab1 g6 19. Qh3+ Kg7 20. Qg3 Qe7
21. b5 axb5 22. axb5 Ra3 23. bxc6 bxc6 24. Ne2 Ne6 25. Rfc1 c5 26. dxc5 Nxc5
27. Ned4 Bxd4 28. Nxd4 Qe4 29. Qf3 Ra2 30. Qxe4 Nxe4 31. Rc2 Ra3 32. g3 Rea8
33. Kg2 R8a4 34. Rb5 Nc3 35. Rb3 Rxb3 36. Nxb3 Rc4 37. Nd2 Rc7 38. Kf3 f5 39.
Nb1 Nb5 40. Rxc7+ Nxc7 41. Nc3 Kf6 42. Ke2 Ke5 43. f4+ Kd6 44. Kf3 Kc5 45. Ne2
Ne6 46. g4 Kc4 47. gxf5 gxf5 48. h4 Ng7 49. Ng3 Kc5 50. h5 Ne8 51. Nxf5 Kc6 52.
h6 Nf6 53. Ne7+ Kd7 54. Ng8 Nh7 55. Kg4 Ke6 56. Kh5 Kf7 57. Ne7 Kxe7 58. Kg6
Nf8+ 59. Kg7 Ke8 60. f5 Ke7 61. Kg8 Nd7 62. Kg7 Nf8 63. Kg8 Nd7 64. Kg7 Nf8 65.
Kg8 1/2-1/2

[Event "Brasileiro de Jovens 2012 - Absoluto"]
[Site "Sao Paulo"]
[Date "2012.02.21"]
[Round "6.20"]
[White "Poeta, Caio Medeiros"]
[Black "Pereira, Andre Marques"]
[Result "0-1"]
[WhiteElo "1931"]
[BlackElo "1867"]
[PlyCount "146"]
[EventDate "2012.02.18"]

1. d4 Nf6 2. c4 g6 3. Nc3 Bg7 4. e4 d6 5. f3 Nbd7 6. Be3 O-O 7. Qd2 c5 8. Nge2
a6 9. g4 Nb6 10. Ng3 cxd4 11. Bxd4 Be6 12. b3 Bd7 13. h4 e5 14. Be3 Bxg4 15.
fxg4 Nxg4 16. O-O-O Nxe3 17. Qxe3 h5 18. Nd5 Nxd5 19. Rxd5 Rc8 20. Kb1 Rc6 21.
Be2 Kh7 22. Qd2 Bh6 23. Qd3 b5 24. Qd1 bxc4 25. Bxc4 Qb6 26. Qd3 Rfc8 27. Ka1
Be3 28. Ne2 Bf2 29. Rf1 R8c7 30. Rh1 Be3 31. Rd1 Bc5 32. Qc2 Be3 33. R1d3 Kg7
34. Qd1 Bc5 35. Rf3 Ba3 36. Qd2 Rb7 37. Qa5 Qxa5 38. Rxa5 Rxc4 39. Rxa3 Rxe4
40. Nc3 Rxh4 41. Rxa6 Rd7 42. Nd5 Rd4 43. Nb6 Rc7 44. Kb2 e4 45. Re3 d5 46. a4
Rd2+ 47. Kb1 f5 48. a5 f4 49. Re1 f3 50. Nxd5 Rxd5 51. Re6 f2 52. Rf1 Rxa5 53.
Rxe4 Rf5 54. Re2 Rcf7 55. Rb2 g5 56. b4 Rb5 57. Kc1 g4 58. Rfxf2 Rxf2 59. Rxf2
Rxb4 60. Kd2 Rb3 61. Rf4 Kg6 62. Ke2 g3 63. Kf1 Kg5 64. Ra4 h4 65. Kg2 Rb2+ 66.
Kg1 Rf2 67. Re4 Rf4 68. Re3 Kg4 69. Re1 h3 70. Ra1 h2+ 71. Kg2 Rf2+ 72. Kh1 Kh3
73. Ra3 Rf1# 0-1

[Event "Brasileiro de Jovens 2012 - Absoluto"]
[Site "Sao Paulo"]
[Date "2012.02.21"]
[Round "7.1"]
[White "Mendonca, Mateus Nakajo"]
[Black "Quintiliano Pinto, Renato R"]
[Result "1-0"]
[WhiteElo "2158"]
[BlackElo "2263"]
[PlyCount "87"]
[EventDate "2012.02.18"]

1. Nf3 c5 2. c4 Nc6 3. d4 cxd4 4. Nxd4 g6 5. g3 Bg7 6. Nc2 Nf6 7. Bg2 d6 8. Nc3
O-O 9. O-O Be6 10. b3 Qa5 11. Qd2 Qh5 12. Ne3 Ng4 13. Nxg4 Bxg4 14. Bb2 Qa5 15.
Rfd1 Rfe8 16. Rac1 Rac8 17. Bd5 Be6 18. Bxe6 fxe6 19. Na4 Qxd2 20. Rxd2 Bxb2
21. Rxb2 Ne5 22. Rbc2 b6 23. Nc3 Rc6 24. Nb5 a6 25. Nd4 Rcc8 26. Nxe6 Kf7 27.
Nf4 e6 28. Nd3 Nxd3 29. exd3 e5 30. Kf1 Rc7 31. Ke2 Ke6 32. d4 Rf7 33. dxe5
Ref8 34. exd6 Rxf2+ 35. Kd3 R8f3+ 36. Kd4 Kxd6 37. c5+ Kc6 38. cxb6+ Kxb6 39.
Rc6+ Kb5 40. R1c5+ Kb4 41. Rc4+ Kb5 42. a4+ Ka5 43. R6c5+ Kb6 44. a5+ 1-0

[Event "Brasileiro de Jovens 2012 - Absoluto"]
[Site "Sao Paulo"]
[Date "2012.02.21"]
[Round "7.2"]
[White "Rodrigues, Tiago Pereira"]
[Black "Feliciano Ebert, Vanessa"]
[Result "0-1"]
[WhiteElo "2119"]
[BlackElo "2194"]
[PlyCount "62"]
[EventDate "2012.02.18"]

1. d4 Nf6 2. c4 g6 3. Nc3 Bg7 4. e4 d6 5. f3 O-O 6. Be3 e5 7. d5 c6 8. Bd3 cxd5
9. cxd5 Nh5 10. Nge2 f5 11. exf5 gxf5 12. O-O Nd7 13. b4 e4 14. fxe4 f4 15. Bf2
Ne5 16. Nd4 Qg5 17. Be2 Bh3 18. Bf3 Bxg2 19. Bh4 Nxf3+ 20. Nxf3 Qg4 21. Bg3
Bxf1 22. Nd4 Qxd1 23. Rxd1 Bxd4+ 24. Rxd4 fxg3 25. hxg3 Rac8 26. Nd1 Rc1 27.
Kh2 Be2 28. Ne3 Rf2+ 29. Ng2 Bf3 30. Rd1 Rxd1 31. Kh3 Rh1# 0-1

[Event "Brasileiro de Jovens 2012 - Absoluto"]
[Site "Sao Paulo"]
[Date "2012.02.21"]
[Round "7.3"]
[White "Saito, Vinicius"]
[Black "Cruz, William Ferreira Da"]
[Result "0-1"]
[WhiteElo "2042"]
[BlackElo "2152"]
[PlyCount "90"]
[EventDate "2012.02.18"]

1. c4 Nf6 2. Nc3 g6 3. g3 Bg7 4. e4 d6 5. Bg2 O-O 6. Nge2 e5 7. d3 c6 8. f4 Na6
9. h3 Nc7 10. O-O b5 11. cxb5 cxb5 12. a3 a5 13. d4 Qe7 14. fxe5 dxe5 15. d5
Qc5+ 16. Kh1 Ba6 17. Bg5 Nfe8 18. Qd2 b4 19. axb4 axb4 20. Na4 Qb5 21. Rfe1 f6
22. Be3 Nd6 23. b3 Rf7 24. Bc5 Nce8 25. Qxb4 Qxb4 26. Bxb4 Rb8 27. Bxd6 Nxd6
28. Nc5 Bc8 29. Nc3 f5 30. exf5 gxf5 31. Ne6 Rxb3 32. Nxg7 Rxg7 33. Rac1 e4 34.
Ne2 Bd7 35. Rc3 Rb2 36. Rc7 Rd2 37. Nf4 Nb5 38. Rb7 Nd4 39. Ra1 Be8 40. Rxg7+
Kxg7 41. Kg1 Bd7 42. Ra6 e3 43. Ra1 Nc2 44. Rc1 e2 45. Kf2 e1=Q+ 0-1

[Event "Brasileiro de Jovens 2012 - Absoluto"]
[Site "Sao Paulo"]
[Date "2012.02.21"]
[Round "7.4"]
[White "Abdalla, Jose Lucas Aurelli"]
[Black "Brandao, Renan Alves"]
[Result "1-0"]
[WhiteElo "2050"]
[BlackElo "2096"]
[PlyCount "85"]
[EventDate "2012.02.18"]

1. e4 c5 2. Nf3 d6 3. c3 g6 4. d4 cxd4 5. cxd4 Nf6 6. Nc3 Bg7 7. Be2 O-O 8. O-O
Nc6 9. h3 d5 10. e5 Ne4 11. Bd3 Bf5 12. Re1 Nxc3 13. bxc3 Bxd3 14. Qxd3 Na5 15.
h4 Qc7 16. Bf4 Qc4 17. Qe3 Rac8 18. Rec1 Qc6 19. h5 Nc4 20. Qe2 h6 21. hxg6
fxg6 22. Bg3 Qe6 23. Ne1 Nd6 24. f3 Nf5 25. Bf2 h5 26. Nd3 Qa6 27. Be1 Bh6 28.
f4 Ng7 29. Bd2 Rf5 30. Rf1 Rcf8 31. Qf3 g5 32. Qxd5+ Kh8 33. Qe4 Qg6 34. d5 h4
35. e6 Nh5 36. Ne5 Qg7 37. Nf7+ R8xf7 38. exf7 Ng3 39. Qe6 gxf4 40. Rf3 h3 41.
Rxg3 Qxg3 42. Qc8+ Kh7 43. Qxf5+ 1-0

[Event "Brasileiro de Jovens 2012 - Absoluto"]
[Site "Sao Paulo"]
[Date "2012.02.21"]
[Round "7.5"]
[White "Barbosa, Fernando"]
[Black "Devescovi Parreira, Pedro Paulo"]
[Result "1/2-1/2"]
[WhiteElo "2086"]
[BlackElo "2008"]
[PlyCount "85"]
[EventDate "2012.02.18"]

1. e4 c5 2. Nf3 Nc6 3. d3 g6 4. g3 Bg7 5. Bg2 d6 6. Nbd2 e5 7. O-O Nge7 8. c3
O-O 9. Nc4 b5 10. Na3 Rb8 11. Nc2 a5 12. d4 exd4 13. cxd4 c4 14. Bf4 Rb6 15. d5
Nb4 16. Nxb4 axb4 17. Be3 Bxb2 18. Rb1 Bc3 19. Bxb6 Qxb6 20. Qc1 Qa5 21. Qf4
Qc7 22. Rbd1 f6 23. Nd4 Qc5 24. Ne2 Be5 25. Qd2 Bg4 26. Kh1 Bxe2 27. Qxe2 Ra8
28. f4 Bc3 29. e5 Nf5 30. exd6 Qe3 31. Qg4 Rxa2 32. d7 Qe7 33. d6 Qxd7 34. Qf3
Ra6 35. Bh3 Rxd6 36. Rxd6 Qxd6 37. Bxf5 gxf5 38. Rd1 Qe6 39. Qa8+ Kg7 40. Qa7+
Kh6 41. Rd7 Qe1+ 42. Kg2 Qe2+ 43. Kh3 1/2-1/2

[Event "Brasileiro de Jovens 2012 - Absoluto"]
[Site "Sao Paulo"]
[Date "2012.02.21"]
[Round "7.6"]
[White "Pereira, Amanda Marques"]
[Black "Rodrigues, Bruno Morado"]
[Result "0-1"]
[WhiteElo "1981"]
[BlackElo "2066"]
[PlyCount "86"]
[EventDate "2012.02.18"]

1. e4 c5 2. Nf3 Nc6 3. d4 cxd4 4. Nxd4 e5 5. Nb5 d6 6. a4 Be7 7. c3 a6 8. N5a3
Nf6 9. Qd3 Be6 10. Bg5 d5 11. exd5 Nxd5 12. Bxe7 Qxe7 13. Nd2 O-O 14. Rd1 f5
15. Nac4 e4 16. Qb1 e3 17. Nf3 exf2+ 18. Kxf2 Qc5+ 19. Nd4 b5 20. Na3 b4 21.
Nac2 bxc3 22. b3 Nf6 23. b4 Qa7 24. b5 axb5 25. axb5 Nxd4 26. Rxd4 Qb6 27. Bd3
Rfd8 28. Qb4 Ra2 29. Ke1 Rxd4 30. Nxd4 Ra1+ 31. Bb1 Ba2 32. Ke2 Rxb1 33. Rxb1
Bxb1 34. Qc4+ Kf8 35. Qc8+ Kf7 36. Qc4+ Kg6 37. Qxc3 Be4 38. Kf1 Qd6 39. g3 Nd5
40. Qd2 Qb4 41. Qf2 Qb1+ 42. Ke2 Qb2+ 43. Ke1 Qc1+ 0-1

[Event "Brasileiro de Jovens 2012 - Absoluto"]
[Site "Sao Paulo"]
[Date "2012.02.21"]
[Round "7.7"]
[White "Sztokbant, Bernardo Vainzoff"]
[Black "Bueno, Alfeu Junior Varela"]
[Result "0-1"]
[WhiteElo "2016"]
[BlackElo "2305"]
[PlyCount "114"]
[EventDate "2012.02.18"]

1. e4 e6 2. d3 d5 3. Nd2 Nf6 4. Ngf3 Bc5 5. d4 Bb6 6. e5 Ne4 7. Bd3 Nxd2 8.
Bxd2 c5 9. dxc5 Bxc5 10. O-O Nc6 11. Qe2 Bd7 12. c4 Qb6 13. Rab1 a5 14. cxd5
exd5 15. Ng5 Ne7 16. Qh5 g6 17. Qh6 Bf5 18. Qg7 O-O-O 19. Bxf5+ Nxf5 20. Qxf7
Kb8 21. Ne6 Rc8 22. b4 Bxb4 23. a3 Rhe8 24. Nf4 Re7 25. Qxd5 Rd8 26. Qa2 Rxd2
27. Qxd2 Bxd2 28. Rxb6 Bxf4 29. Rb5 Rxe5 30. Rxe5 Bxe5 31. Rb1 Kc7 32. Rb5 Bd6
33. Rxa5 Nd4 34. Kf1 Kc6 35. h4 b5 36. f3 Kb7 37. a4 Bc7 38. Rxb5+ Nxb5 39.
axb5 Kb6 40. Kf2 Kxb5 41. Ke3 Kc6 42. Ke4 Kd7 43. f4 Ke6 44. g4 Kf6 45. h5 Ba5
46. Ke3 Bb4 47. Ke4 Bd2 48. Kf3 Ke7 49. Ke4 Ke6 50. Kf3 Kd5 51. hxg6 hxg6 52.
f5 g5 53. Kg3 Ke4 54. Kh3 Bc3 55. Kg3 Ke3 56. Kg2 Kf4 57. Kh3 Kf3 0-1

[Event "Brasileiro de Jovens 2012 - Absoluto"]
[Site "Sao Paulo"]
[Date "2012.02.21"]
[Round "7.8"]
[White "Mandetta, Joao Danilo"]
[Black "Vizzotto, Bernardo"]
[Result "1/2-1/2"]
[WhiteElo "2141"]
[BlackElo "1991"]
[PlyCount "81"]
[EventDate "2012.02.18"]

1. c4 e5 2. g3 Nc6 3. Bg2 g6 4. Nc3 Bg7 5. d3 d6 6. e4 Nd4 7. Nge2 Bg4 8. h3
Bf3 9. Bxf3 Nxf3+ 10. Kf1 Ne7 11. Kg2 Nd4 12. Nxd4 exd4 13. Ne2 Qd7 14. b4 f5
15. f3 O-O 16. Bg5 fxe4 17. fxe4 Nc6 18. b5 Ne5 19. Bf4 g5 20. Bxe5 Bxe5 21.
Qd2 Qg7 22. Rhf1 g4 23. h4 Rf3 24. Rxf3 gxf3+ 25. Kxf3 Rf8+ 26. Kg2 Qf7 27. Nf4
Bxf4 28. Qxf4 Qxf4 29. gxf4 Rxf4 30. Kg3 Rf6 31. a4 Kf7 32. a5 Ke6 33. Rc1 Ke5
34. h5 b6 35. axb6 axb6 36. Ra1 Rf7 37. Ra8 Rg7+ 38. Kf3 Rf7+ 39. Kg3 Rg7+ 40.
Kf3 Rf7+ 41. Kg3 1/2-1/2

[Event "Brasileiro de Jovens 2012 - Absoluto"]
[Site "Sao Paulo"]
[Date "2012.02.21"]
[Round "7.9"]
[White "Pirola, Claudionor Alcides"]
[Black "Bufalo, Alexander Davidson"]
[Result "1-0"]
[WhiteElo "2101"]
[BlackElo "1752"]
[PlyCount "73"]
[EventDate "2012.02.18"]

1. d4 Nf6 2. Nf3 e6 3. g3 c5 4. Bg2 Nc6 5. O-O cxd4 6. Nxd4 d5 7. c4 Bc5 8. Nb3
Be7 9. Nc3 dxc4 10. Nd2 Na5 11. b4 cxb3 12. axb3 O-O 13. Qc2 Qc7 14. Qb2 Bd7
15. Nf3 Rac8 16. Bd2 a6 17. Rfc1 Nc6 18. h3 h6 19. Be3 e5 20. Nd2 Be6 21. Nc4
Bxc4 22. bxc4 Nb4 23. Ra4 Nc6 24. Nd5 Qd6 25. Qxb7 Nxd5 26. cxd5 Rc7 27. Qxa6
Nb8 28. Qxd6 Bxd6 29. Rxc7 Bxc7 30. Ra7 Bd6 31. Rb7 Rc8 32. Be4 Rc4 33. Bd3 Ra4
34. Bb5 Ra5 35. Be8 f5 36. Bf7+ Kf8 37. Be6 1-0

[Event "Brasileiro de Jovens 2012 - Absoluto"]
[Site "Sao Paulo"]
[Date "2012.02.21"]
[Round "7.10"]
[White "Alvarenga De Carvalho, Miguel A"]
[Black "De Assis, Henrique Zerbini J"]
[Result "1-0"]
[WhiteElo "2062"]
[BlackElo "1735"]
[PlyCount "63"]
[EventDate "2012.02.18"]

1. e4 c5 2. Nf3 d6 3. d4 cxd4 4. Nxd4 Nf6 5. Nc3 a6 6. h3 e5 7. Nde2 Be7 8. Ng3
Be6 9. Bg5 Nbd7 10. Nf5 Bxf5 11. exf5 Rc8 12. g4 b5 13. Bg2 b4 14. Bxf6 Nxf6
15. Nd5 Nxd5 16. Bxd5 Qa5 17. Qd3 O-O 18. O-O Rc5 19. Rfd1 Qb5 20. Qe4 Rfc8 21.
Bb3 a5 22. a3 Rd8 23. axb4 Qxb4 24. Qxb4 axb4 25. Ra7 Kf8 26. Rb7 d5 27. Ra1 e4
28. Raa7 Bf6 29. Rxf7+ Kg8 30. g5 Bxb2 31. f6 gxf6 32. gxf6 1-0

[Event "Brasileiro de Jovens 2012 - Absoluto"]
[Site "Sao Paulo"]
[Date "2012.02.21"]
[Round "7.12"]
[White "Dos Santos, Lucas Aparecido"]
[Black "Santana, Eduardo Rigonatti"]
[Result "1-0"]
[WhiteElo "1983"]
[BlackElo "1784"]
[PlyCount "45"]
[EventDate "2012.02.18"]

1. e4 Nf6 2. e5 Nd5 3. d4 d6 4. Nf3 Nc6 5. exd6 cxd6 6. c4 Nb6 7. Be2 g6 8. Nc3
Bg7 9. Be3 O-O 10. O-O Bf5 11. Qd2 Rc8 12. Rac1 a6 13. Rfd1 Nd7 14. Nh4 e6 15.
Nxf5 exf5 16. Nd5 Ne7 17. Bf3 Nb6 18. Nxe7+ Qxe7 19. Qb4 Qc7 20. Bf4 Nxc4 21.
b3 a5 22. Qxc4 Qe7 23. Qxc8 1-0

[Event "Brasileiro de Jovens 2012 - Absoluto"]
[Site "Sao Paulo"]
[Date "2012.02.21"]
[Round "7.13"]
[White "Da Silva Junior, Sediney Mari"]
[Black "Evangelista Jr, Ademar Pereira"]
[Result "0-1"]
[WhiteElo "1962"]
[BlackElo "1921"]
[PlyCount "76"]
[EventDate "2012.02.18"]

1. e4 c6 2. d4 d5 3. Nc3 dxe4 4. Nxe4 Bf5 5. Ng3 Bg6 6. h4 h6 7. h5 Bh7 8. c3
Nf6 9. Bd3 Bxd3 10. Qxd3 Nbd7 11. Bf4 e6 12. Nf3 Be7 13. a3 Qb6 14. O-O O-O 15.
Rfe1 Rad8 16. Nd2 c5 17. Be3 cxd4 18. Bxd4 Bc5 19. Bxc5 Nxc5 20. Qc2 Nd3 21.
Re2 Nf4 22. Re5 Qd6 23. Nf3 Rc8 24. Ne4 Nxe4 25. Qxe4 Nd3 26. Rb5 a6 27. Ra5
Qb6 28. b4 Qxf2+ 29. Kh2 Rxc3 30. Rd1 Qb6 31. Qh4 Rfc8 32. Qd4 Qc7+ 33. Kg1 Nf4
34. Qe5 Rc1 35. Rxc1 Qxc1+ 36. Kh2 Rc2 37. Nh4 Qf1 38. Qe4 Qf2 0-1

[Event "Brasileiro de Jovens 2012 - Absoluto"]
[Site "Sao Paulo"]
[Date "2012.02.21"]
[Round "7.14"]
[White "Araujo, Leonardo Augusto De"]
[Black "Ferreira, Marcone Fiuza"]
[Result "1-0"]
[WhiteElo "1906"]
[BlackElo "1927"]
[PlyCount "103"]
[EventDate "2012.02.18"]

1. e4 c5 2. Nc3 Nc6 3. d3 g6 4. g3 Bg7 5. Bg2 e6 6. Nge2 Nge7 7. O-O d5 8. Bg5
h6 9. Bd2 O-O 10. Qc1 Kh7 11. Nd1 Qb6 12. Rb1 dxe4 13. dxe4 Nd4 14. Re1 Nec6
15. c3 Nxe2+ 16. Rxe2 Qa6 17. Re3 Qxa2 18. g4 Qa5 19. Rh3 h5 20. gxh5 g5 21.
Bxg5 e5 22. h6 Bh8 23. Ne3 f6 24. Rf3 Be6 25. Bh4 Ne7 26. Kh1 Ng6 27. Bg3 Rad8
28. h4 Bb3 29. c4 Qd2 30. Nd5 Rxd5 31. exd5 Qxc1+ 32. Rxc1 Ba4 33. Ra1 b5 34.
cxb5 Bxb5 35. Rxa7+ Kxh6 36. Ra5 e4 37. Re3 Bd3 38. Bxe4 Bxe4+ 39. Rxe4 f5 40.
Re2 f4 41. Bh2 Bd4 42. d6 Rf7 43. h5 Kxh5 44. b4 Kg4 45. bxc5 Kf3 46. Rd2 Bxf2
47. Ra3+ Be3 48. d7 Rxd7 49. Rxd7 Ne5 50. Rxe3+ Kxe3 51. Re7 Kf3 52. Rxe5 1-0

[Event "Brasileiro de Jovens 2012 - Absoluto"]
[Site "Sao Paulo"]
[Date "2012.02.21"]
[Round "7.15"]
[White "Pereira, Andre Marques"]
[Black "Gotz, Klaus Seiji Furucho"]
[Result "0-1"]
[WhiteElo "1867"]
[BlackElo "1929"]
[PlyCount "115"]
[EventDate "2012.02.18"]

1. d4 Nf6 2. Nf3 g6 3. c4 Bg7 4. Nc3 O-O 5. e4 d6 6. Be2 e5 7. d5 a5 8. Bg5 h6
9. Bh4 Na6 10. Nd2 Nc5 11. O-O Bd7 12. Nb3 Nxb3 13. Qxb3 b6 14. f3 g5 15. Be1
Nh5 16. Bd2 f5 17. exf5 Nf4 18. g4 h5 19. Bxf4 gxf4 20. Ne4 Kf7 21. Rf2 Rh8 22.
Rg2 Qh4 23. Qd1 Rag8 24. Qe1 Qe7 25. h4 hxg4 26. Ng5+ Ke8 27. fxg4 Bf6 28. Ne6
Bxe6 29. dxe6 Rxh4 30. Bf3 Rgh8 31. Rd2 Rh3 32. Qe4 Rg3+ 33. Kf1 Rhh3 34. Bg2
Rh4 35. Bf3 Rhh3 36. Rf2 Rxf3 37. Rxf3 Rh1+ 38. Kg2 Rxa1 39. Qc6+ Kf8 40. Rh3
Kg7 41. Rh5 Rxa2 42. g5 Rxb2+ 43. Kf1 Bxg5 44. Qd7 Bf6 45. Qc8 Qd8 46. Qb7 Rb3
47. Qg2+ Rg3 48. Qh2 Qg8 49. Rh6 Rg5 50. Rg6+ Rxg6 51. fxg6 Kxg6 52. Qg2+ Kh7
53. Qh3+ Kg7 54. Qg4+ Kf8 55. e7+ Bxe7 56. Qc8+ Kf7 57. Qf5+ Ke8 58. Qc8+ 0-1

[Event "Brasileiro de Jovens 2012 - Absoluto"]
[Site "Sao Paulo"]
[Date "2012.02.21"]
[Round "7.16"]
[White "Cirilo, Guilherme De Araujo"]
[Black "Takeda, Lucas Koji"]
[Result "0-1"]
[WhiteElo "1920"]
[BlackElo "1862"]
[PlyCount "112"]
[EventDate "2012.02.18"]

1. d4 d5 2. c4 e6 3. cxd5 exd5 4. Nc3 Nf6 5. Bg5 Bb4 6. a3 Bxc3+ 7. bxc3 O-O 8.
Qc2 h6 9. Bh4 Be6 10. e3 Nbd7 11. Bd3 c5 12. Ne2 Re8 13. O-O Rc8 14. Qb1 c4 15.
Bf5 Qb6 16. Bxe6 Rxe6 17. Ra2 Qxb1 18. Rxb1 g5 19. Bg3 Rb6 20. Rab2 Ne4 21. a4
Rxb2 22. Rxb2 Nb6 23. a5 Na4 24. Rxb7 Naxc3 25. Kf1 Nb1 26. f3 Ned2+ 27. Ke1 c3
28. a6 c2 29. Nc1 Rc3 30. Ke2 Nc4 31. Bf2 Nbd2 32. Rb4 Ra3 33. Be1 Rxe3+ 34.
Kf2 Ra3 35. Bxd2 Nxd2 36. Rb2 Rxa6 37. Rxc2 Nc4 38. Nd3 Rb6 39. Ra2 a5 40. Ke2
Kf8 41. Kd1 Ke7 42. Kc2 Kd6 43. f4 f6 44. g3 Rb7 45. Nc5 Re7 46. Kd1 Kc6 47.
fxg5 fxg5 48. Rf2 Kb5 49. Rf6 Rh7 50. Ne6 a4 51. Kc1 a3 52. Kb1 Kb4 53. Nf8 Re7
54. Rf2 Kb3 55. Rf3+ Re3 56. Rxe3+ Nxe3 0-1